<?xml version="1.0" encoding="UTF-8"?>
<record
    xmlns:xsi="http://www.w3.org/2001/XMLSchema-instance"
    xsi:schemaLocation="http://www.loc.gov/MARC21/slim http://www.loc.gov/standards/marcxml/schema/MARC21slim.xsd"
    xmlns="http://www.loc.gov/MARC21/slim">

  <leader>03180cam a2200457 i 4500</leader>
  <controlfield tag="001">21257343</controlfield>
  <controlfield tag="003">CSPC</controlfield>
  <controlfield tag="005">20260124151021.0</controlfield>
  <controlfield tag="008">191013s2019    nyua     b    000 0 eng  </controlfield>
  <datafield tag="010" ind1=" " ind2=" ">
    <subfield code="a">  2019026010</subfield>
  </datafield>
  <datafield tag="020" ind1=" " ind2=" ">
    <subfield code="a">9780143134497</subfield>
    <subfield code="q">(hardcover)</subfield>
  </datafield>
  <datafield tag="035" ind1=" " ind2=" ">
    <subfield code="a">21257343</subfield>
  </datafield>
  <datafield tag="040" ind1=" " ind2=" ">
    <subfield code="a">LBSOR/DLC</subfield>
    <subfield code="b">eng</subfield>
    <subfield code="c">DLC</subfield>
    <subfield code="e">rda</subfield>
    <subfield code="d">DLC</subfield>
    <subfield code="d">CSPC</subfield>
  </datafield>
  <datafield tag="041" ind1="1" ind2=" ">
    <subfield code="a">eng</subfield>
    <subfield code="h">spa</subfield>
  </datafield>
  <datafield tag="042" ind1=" " ind2=" ">
    <subfield code="a">pcc</subfield>
  </datafield>
  <datafield tag="050" ind1="0" ind2="0">
    <subfield code="a">BF637.M56</subfield>
    <subfield code="b">G37 2019</subfield>
  </datafield>
  <datafield tag="082" ind1="0" ind2="0">
    <subfield code="a">158.1</subfield>
    <subfield code="b">G165b</subfield>
    <subfield code="2">23</subfield>
  </datafield>
  <datafield tag="100" ind1="1" ind2=" ">
    <subfield code="a">Garc&#xED;a, H&#xE9;ctor,</subfield>
    <subfield code="d">1981-</subfield>
    <subfield code="e">author.</subfield>
  </datafield>
  <datafield tag="240" ind1="1" ind2="0">
    <subfield code="a">Ichigo-Ichie.</subfield>
    <subfield code="l">English</subfield>
  </datafield>
  <datafield tag="245" ind1="1" ind2="4">
    <subfield code="a">The book of ichigo ichie :</subfield>
    <subfield code="b">the art of making the most of every moment, the Japanese way /</subfield>
    <subfield code="c">H&#xE9;ctor Garc&#xED;a and Francesc Miralles ; translated by Charlotte Whittle.</subfield>
  </datafield>
  <datafield tag="264" ind1=" " ind2="1">
    <subfield code="a">New York :</subfield>
    <subfield code="b">Penguin Books,</subfield>
    <subfield code="c">2019.</subfield>
  </datafield>
  <datafield tag="300" ind1=" " ind2=" ">
    <subfield code="a">196 pages :</subfield>
    <subfield code="b">illustrations ;</subfield>
    <subfield code="c">19 cm.</subfield>
  </datafield>
  <datafield tag="336" ind1=" " ind2=" ">
    <subfield code="a">text</subfield>
    <subfield code="b">txt</subfield>
    <subfield code="2">rdacontent</subfield>
  </datafield>
  <datafield tag="337" ind1=" " ind2=" ">
    <subfield code="a">unmediated</subfield>
    <subfield code="b">n</subfield>
    <subfield code="2">rdamedia</subfield>
  </datafield>
  <datafield tag="338" ind1=" " ind2=" ">
    <subfield code="a">volume</subfield>
    <subfield code="b">nc</subfield>
    <subfield code="2">rdacarrier</subfield>
  </datafield>
  <datafield tag="500" ind1=" " ind2=" ">
    <subfield code="a">"Originally published in Spanish as Ichigo-ichie: el arte japon&#xE9;s de vivir momentos inolvidables by Penguin Random House Grupo Editorial, Barcelona, 2019."</subfield>
  </datafield>
  <datafield tag="504" ind1=" " ind2=" ">
    <subfield code="a">Includes bibliographical references.</subfield>
  </datafield>
  <datafield tag="505" ind1="0" ind2=" ">
    <subfield code="a">Prologue: in an old tearoom -- Ichigo Ichie -- Part I. The beauty of impermanence -- Kaika and mankai -- And you, where do you live -- Zensations -- Dukkha and mono no aware -- Destiny depends on a moment -- Part II. Living Ichigo Ichie -- The ceremony of attention -- The art of listening -- The art of looking -- The art of touching -- The art of tasting -- The art of smelling -- Part III. The little school of Ichigo Ichie -- The art of parties -- Collective mindfulness -- Returning to now -- What if -- The Ichigo Ichie formula -- Epilogue: the ten rules of Ichigo Ichie.</subfield>
  </datafield>
  <datafield tag="520" ind1=" " ind2=" ">
    <subfield code="a">"Learn to make every moment a once-in-a-lifetime experience with this definitive guide to the Japanese art of ichigo ichie (pronounced itchy-GO itchy-A), from the bestselling authors of Ikigai. Every moment in our life happens only once, and if we let it slip away, we lose it forever--an idea captured by the Japanese phrase ichigo ichie. Often spoken in Japan when greeting someone or saying goodbye, to convey that the encounter is unique and special, it is a tenet of Zen Buddhism and is attributed to a sixteenth-century master of the Japanese tea ceremony, or 'ceremony of attention,' whose intricate rituals compel us to focus on the present moment. From this age-old concept comes a new kind of mindfulness"--</subfield>
    <subfield code="c">Provided by publisher.</subfield>
  </datafield>
  <datafield tag="650" ind1=" " ind2="0">
    <subfield code="a">Mindfulness (Psychology).</subfield>
  </datafield>
  <datafield tag="650" ind1=" " ind2="0">
    <subfield code="a">Quality of life.</subfield>
  </datafield>
  <datafield tag="650" ind1=" " ind2="0">
    <subfield code="a">Conduct of life.</subfield>
  </datafield>
  <datafield tag="650" ind1=" " ind2="0">
    <subfield code="a">Happiness.</subfield>
  </datafield>
  <datafield tag="700" ind1="1" ind2=" ">
    <subfield code="a">Miralles, Francesc,</subfield>
    <subfield code="d">1968-</subfield>
    <subfield code="e">author.</subfield>
  </datafield>
  <datafield tag="700" ind1="1" ind2=" ">
    <subfield code="a">Whittle, Charlotte,</subfield>
    <subfield code="e">translator.</subfield>
  </datafield>
  <datafield tag="776" ind1="0" ind2="8">
    <subfield code="i">Online version:</subfield>
    <subfield code="a">Garc&#xED;a, H&#xE9;ctor, 1981-</subfield>
    <subfield code="s">Ichigo-Ichie. English.</subfield>
    <subfield code="t">Book of ichigo ichie.</subfield>
    <subfield code="d">[New York] : Penguin Books, [2019]</subfield>
    <subfield code="z">9780525506287</subfield>
    <subfield code="w">(DLC)  2019026011</subfield>
  </datafield>
  <datafield tag="906" ind1=" " ind2=" ">
    <subfield code="a">7</subfield>
    <subfield code="b">cbc</subfield>
    <subfield code="c">orignew</subfield>
    <subfield code="d">1</subfield>
    <subfield code="e">ecip</subfield>
    <subfield code="f">20</subfield>
    <subfield code="g">y-gencatlg</subfield>
  </datafield>
  <datafield tag="942" ind1=" " ind2=" ">
    <subfield code="2">ddc</subfield>
    <subfield code="c">BK</subfield>
    <subfield code="e">23</subfield>
    <subfield code="h">158.1</subfield>
    <subfield code="i">G165b</subfield>
    <subfield code="k">CIR </subfield>
    <subfield code="m">2019</subfield>
    <subfield code="n">0</subfield>
  </datafield>
  <datafield tag="952" ind1=" " ind2=" ">
    <subfield code="0">0</subfield>
    <subfield code="1">0</subfield>
    <subfield code="2">ddc</subfield>
    <subfield code="4">0</subfield>
    <subfield code="7">0</subfield>
    <subfield code="a">CSPC</subfield>
    <subfield code="b">CSPC</subfield>
    <subfield code="c">CIR</subfield>
    <subfield code="d">2026-01-23</subfield>
    <subfield code="l">1</subfield>
    <subfield code="o">CIR 158.1 G165b 2019</subfield>
    <subfield code="p">031075</subfield>
    <subfield code="r">2026-04-08 13:57:44</subfield>
    <subfield code="s">2026-03-24</subfield>
    <subfield code="t">1-1</subfield>
    <subfield code="w">2026-01-23</subfield>
    <subfield code="y">BK</subfield>
  </datafield>
  <datafield tag="999" ind1=" " ind2=" ">
    <subfield code="c">31587</subfield>
    <subfield code="d">31587</subfield>
  </datafield>
</record>
